| 000 | 00639nam a2200217 u 4500 | ||
|---|---|---|---|
| 005 | 20240228064159.0 | ||
| 008 | 141201s2003 r 000 0 eng d | ||
| 020 | _a8495620979 | ||
| 035 | _aUPN01000200921 | ||
| 049 | _aI | ||
| 050 | 4 |
_aPZ7 _bH3.5 |
|
| 100 | 1 |
_aHaley, Amanda _936596 |
|
| 245 | 1 | 3 |
_aUn mundo de peques / _cAmanda Haley ; tr. Mari Luz Ponce. |
| 260 |
_a[España] : _bBrosquil, _c2003. |
||
| 300 |
_a[22] p. : _bprincipalmente il. col. |
||
| 440 | 0 | _aBrosquil infantil | |
| 534 |
_pTítulo original: _tIt's a baby's world |
||
| 650 | 4 |
_aLibros y lectura para niños _92290 |
|
| 905 | _aInfantil | ||
| 999 |
_c173022 _d173022 |
||